Music Quiz

Random Music or Popular Quiz

► 100 Years of Musicians Quiz Stats

 Plays Quiz not verified by Sporcle

Score 0/100 Timer 15:00
1 Play Today
Hint Answer % Correct
1987Michael Jackson
97.6%
2017Justin Bieber
96%
2013Lady Gaga
95.7%
1971John Lennon
94.9%
1957Elvis Presley
94.6%
2008Beyoncé
94.1%
2014Taylor Swift
94%
2016Adele
93.8%
1993Elton John
93.3%
2007Snoop Dogg
92.8%
2001Eminem
92.6%
1981Paul McCartney
91.6%
1999Britney Spears
91.5%
1984Madonna
91%
2000Bono
90.4%
1976Bob Marley
90.3%
1982Freddie Mercury
88.4%
2010Amy Winehouse
87.4%
2011Jay Z
86.2%
1994Mariah Carey
86.2%
1991Kurt Cobain
86%
1992Whitney Houston
85.9%
1968Jimi Hendrix
84.7%
2015Bruno Mars
83.8%
1979Dolly Parton
83.2%
2018Drake
83.1%
2006Rihanna
82.7%
1967Aretha Franklin
82.4%
1996Tupac Shakur
81.8%
1969David Bowie
81.6%
2004Shakira
81.4%
1966Bob Dylan
80.6%
1963Ray Charles
80.2%
2002Avril Lavigne
78.2%
Hint Answer % Correct
1970Janis Joplin
78.1%
1958Buddy Holly
77.2%
1990Axl Rose
76.6%
1973Stevie Wonder
76.5%
2005Kanye West
76.2%
1980Rod Stewart
76%
1962Johnny Cash
74.4%
1978Willie Nelson
73.9%
1988Cyndi Lauper
73.5%
1942Frank Sinatra
72.5%
200350 Cent
71.7%
2012Psy
70.5%
1965James Brown
70.4%
1986Luciano Pavarotti
69.1%
1983Billy Joel
68.7%
1926Louis Armstrong
68.6%
1998Gwen Stefani
68.4%
1985Paul Simon
67%
1961Roy Orbison
66%
1995Alanis Morissette
62.5%
2009Robbie Williams
61.6%
1956Little Richard
59.8%
1955Chuck Berry
57.8%
1975Bruce Springsteen
52.7%
1949Fats Domino
50.6%
1932Bing Crosby
50.6%
1997Michael Stipe
50.3%
1943Nat King Cole
49.2%
1977Johnny Ramone
47.6%
1952Doris Day
46.6%
1954Jerry Lee Lewis
46%
1960Miles Davis
45.9%
1972Neil Young
45.5%
1945Ella Fitzgerald
45.3%
Hint Answer % Correct
1941Billie Holiday
41.8%
1936Fred Astaire
38.4%
1934Robert Johnson
35.7%
1953Bill Haley
33.9%
1939Glenn Miller
33.8%
1989James Hetfield
33.2%
1974Ozzy Osbourne
32.9%
1959B.B. King
32.9%
1964Nina Simone
31.5%
1931Duke Ellington
30.7%
1925Bessie Smith
24.9%
1948Les Paul
24.3%
1951Marlene Dietrich
23.6%
1930Gene Autry
19.7%
1933Benny Goodman
19.5%
1944Charlie Parker
17.2%
1928Count Basie
13.2%
1946Dinah Shore
12.6%
1929Al Jolson
11.6%
1924Marion Harris
9.9%
1919Igor Stravinsky
8.2%
1950Sarah Vaughan
7%
1940Artie Shaw
6.3%
1937Guy Lombardo
5%
1935Louis Jordan
4.5%
1938Bob Wills
4.3%
1920Giacomo Puccini
4.3%
1923Sidney Bechet
3.4%
1921Billy Murray
2.8%
1927Gene Austin
2.6%
1947James Baskett
2.6%
1922Ernie Hare
2.2%

You're not logged in!

Compare scores with friends on all Sporcle quizzes.
OR
Log In

You Might Also Like...

Show Comments

Extras

Top Quizzes Today


Score Distribution

Your Account Isn't Verified!

In order to create a playlist on Sporcle, you need to verify the email address you used during registration. Go to your Sporcle Settings to finish the process.

Report this User

Report this user for behavior that violates our Community Guidelines.

Details: